Languages of Europe Quiz - Statistics

General Stats
  • This quiz has been taken 47 times
  • The average score is 43 of 45
Answer Stats
Hint Answer % Correct
Albania Albanian
100%
Kosovo Albanian
100%
Malta English
100%
United Kingdom English
100%
Austria German
100%
Germany German
100%
Lichtenstein German
100%
Greece Greek
100%
Italy Italian
100%
San Marino Italian
100%
Vatican City Italian
100%
Switzerland Romansh/German/Italian
100%
Russia Russian
100%
Serbia Serbian
100%
Spain Spanish
100%
Bulgaria Bulgarian
98%
Croatia Croatian
98%
Denmark Danish
98%
Estonia Estonian
98%
France French
98%
Monaco French
98%
Moldova Romanian
98%
Romania Romanian
98%
Sweden Swedish
98%
Ukraine Ukrainian
98%
Czech Republic Czech
95%
Hungary Hungarian
95%
Iceland Icelandic
95%
Ireland Irish
95%
Latvia Latvian
95%
Lithuania Lithuanian
95%
North Macedonia Macedonian
95%
Norway Norwegian/Sami
95%
Poland Polish
95%
Slovakia Slovak
95%
Slovenia Slovene
95%
Belarus Belarusian
93%
Bosnia and Herzegovina Bosnian
93%
Belgium Dutch
93%
Netherlands Dutch
93%
Finland Finnish
93%
Montenegro Montenegrin
83%
Andorra Catalan
74%
Luxembourg Luxembourgish
71%
Portugal Portugese
67%
No matching quizzes found
Score Distribution
Percent of People with Each Score
Percentile by Number Answered
Your Score History
You have not taken this quiz